Detalles MARC
| 000 -LÍDER |
| Campo fijo de descripción fija |
01523aam a2200325 i 4500 |
| 001 - NÚMERO DE CONTROL |
| Campo de control |
768714001 |
| 003 - IDENTIFICADOR DEL NÚMERO DE CONTROL |
| Campo de control |
CO-MdFUSB |
| 005 - FECHA Y HORA DE LA ULTIMA TRANSACCIÓN |
| control field |
20250502130456.0 |
| 007 - CAMPO FIJO DE DESCRIPCIÓN FIJA--INFORMACIÓN GENERAL |
| Campo fijo de descripción fija |
ta |
| 008 - ELEMENTOS DE LONGITUD FIJA -- INFORMACIÓN GENERAL |
| Campo fijo de descripción fija -- Información general |
160812s2002 ck ||||f |||| 00| 0 spa d |
| 040 ## - FUENTE DE CATALOGACIÓN |
| Agencia de catalogación original |
CO-MdFUSB |
| Idioma de catalogación |
Español |
| Agencia que realiza la transcripción |
CO-MdFUSB |
| Agencia que realiza la modificación |
CO-MdFUSB |
| 041 0# - CÓDIGO DE IDIOMA |
| Código de idioma para texto/pista de sonido o título separado |
spa |
| 082 ## - NÚMERO DE CLASIFICACIÓN DECIMAL DEWEY |
| Número de la edición del Dewey |
24 |
| Número de clasificación |
G 241 |
| Clave de autor-Numero de item |
B333m |
| 100 1# - ASIENTO PRINCIPAL--NOMBRE PERSONAL |
| Nombre personal |
Batista, José D. |
| Término relacionador |
autor |
| 245 10 - TÍTULO |
| Título del Material |
Más allá de la inteligencia emocional : |
| Parte restante del título - Subtitulo |
inteligencia espiritual, libertad plena |
| Mención de responsabilidad, etc. |
/ José D. Batista, Ph. D. |
| 246 ## - FORMA VARIANTE DEL TITULO |
| Título propiamente dicho/forma breve del título |
Teoría de la indentidad |
| 264 #4 - PRODUCCIÓN, PUBLICACIÓN, DISTRIBUCIÓN, MANUFACTURA, Y COPYRIGHT |
| Lugar de producción, publicación, distribución, manufactura |
Medellín : |
| Nombre del productor, publicador, distribuidor |
Juventud Con Una Misión, |
| Fecha de producción, publicación, distribución, manufactura, o copyright |
[2002] |
| 300 ## - DESCRIPCIÓN FÍSICA |
| Extensión |
217 páginas |
| 336 ## - TIPO DE CONTENIDO |
| Fuente |
rdacontent |
| Término de tipo de contenido |
texto |
| Código de tipo de contenido |
txt |
| 337 ## - TIPO DE MEDIO |
| Fuente |
rdamedia |
| Nombre del tipo de medio |
sin mediación |
| Código del tipo de medio |
n |
| 338 ## - TIPO DE SOPORTE |
| Fuente |
rdacarrier |
| Nombre del tipo de soporte |
volumen |
| Código Tipo de soporte |
nc |
| 490 ## - MENCIÓN DE SERIE |
| Mención de serie |
Colección conciencia |
| 505 ## - NOTA DE CONTENIDO |
| Nota de contenido con formato preestablecido |
Dedicatoria -- Prólogo -- introducción -- El contexto de la inteligencia espiritual -- Los cuatro elementos de la identidad -- La necesidad de la teoría de la identidad -- Identidad, sociología y cultura -- Los valores fundamentales que forman la personalidad -- el origen de la psicología de necesidades -- La regeneración de los valores -- Identidad e individualismo -- El sistema de valores y el fruto del espíritu -- Los limitadores de la identidad de Dios en mí -- La emociones de la patología de la carne y la terapia del perdón. |
| 563 ## - NOTA DE ENCUADERNACIÓN |
| Nota de encuadernación |
Rústico |
| 650 #7 - ASIENTO SECUNDARIO DE MATERIA - TERMINO TEMÁTICO |
| 9 (RLIN) |
229 |
| Término temático o nombre geográfico como elemento de entrada |
Psicología y religión |
| 650 #0 - ASIENTO SECUNDARIO DE MATERIA - TERMINO TEMÁTICO |
| Término temático o nombre geográfico como elemento de entrada |
Conducta de vida |
| 9 (RLIN) |
20 |
| 650 #7 - ASIENTO SECUNDARIO DE MATERIA - TERMINO TEMÁTICO |
| Término temático o nombre geográfico como elemento de entrada |
Ética cristiana |
| 9 (RLIN) |
185 |
| 942 ## - TIPO DE MATERIAL (KOHA) |
| Tipo de Item KOHA |
Libros General |
| 945 ## - INFORMACIÓN LOCAL DEL REGISTRO |
| Catalogador |
JTF-925 |